Relaciones entre España e Inglaterra en tiempos de los Reyes Católicos / (Record no. 95599)

MARC details
000 -LEADER
campo de control de longitud fija 00962nam a2200229 i 4500
001 - NÚMERO DE CONTROL
campo de control 95599
003 - IDENTIFICADOR DE NÚMERO DE CONTROL
campo de control ES-MaACL
005 - FECHA Y HORA DE LA ÚLTIMA TRANSACCIÓN
campo de control 20230906181735.0
007 - CAMPO FIJO DE DESCRIPCIÓN FÍSICA--INFORMACIÓN GENERAL
campo de control de longitud fija t|
008 - DATOS DE LONGITUD FIJA--INFORMACIÓN GENERAL
campo de control de longitud fija 050601s1945 sp ||||1| spa d
100 1# - ENTRADA PRINCIPAL--NOMBRE DE PERSONA
Nombre de persona Llanos y Torriglia, Félix de,
Fechas asociadas al nombre 1868-1949
9 (RLIN) 72719
245 10 - MENCIÓN DEL TÍTULO
Título Relaciones entre España e Inglaterra en tiempos de los Reyes Católicos /
Mención de responsabilidad, etc. conferencia pronunciada por el Excmo. Sr. D. Félix de Llanos y Torriglia.
260 ## - PUBLICACIÓN, DISTRIBUCIÓN, ETC.
Lugar de publicación, distribución, etc. Madrid :
Nombre del editor, distribuidor, etc. [s.n.],
Fecha de publicación, distribución, etc. 1945 (
Fabricante Imp. del Ministerio de Asuntos Exteriores)
300 ## - DESCRIPCIÓN FÍSICA
Extensión 34 p. ;
Dimensiones 23 cm.
500 ## - NOTA GENERAL
Nota general Precede al tít.: Ministerio de Asuntos Exteriores- Escuela Diplomática.
500 ## - NOTA GENERAL
Nota general Del v. Conferencias del Curso 1944-45.
651 #4 - PUNTO DE ACCESO ADICIONAL DE MATERIA--NOMBRE GEOGRÁFICO
Nombre geográfico España-
Subdivisión general Relaciones-
Subdivisión geográfica Gran Bretaña.
9 (RLIN) 143992
651 #4 - PUNTO DE ACCESO ADICIONAL DE MATERIA--NOMBRE GEOGRÁFICO
Nombre geográfico Gran Bretaña-
Subdivisión general Relaciones-
Subdivisión geográfica España.
9 (RLIN) 143993
710 2# - ENTRADA AGREGADA--NOMBRE DE ENTIDAD CORPORATIVA
Nombre de entidad corporativa o nombre de jurisdicción como elemento de entrada Escuela Diplomática (España)
9 (RLIN) 3563
852 ## - LOCALIZACIÓN
Ubicación ES-MaACL
Número de control de estantería 1853-F-7
Nota libre .- Ded. ms. del autor
Holdings
Estatus retirado Estado de pérdida Estado de daño No para préstamo Colección Biblioteca de origen Biblioteca actual Ubicación en estantería Fecha de adquisición Fuente de adquisición Total de préstamos Signatura topográfica completa Código de barras Visto por última vez Precio de reemplazo Tipo de ítem Koha
        Colección de folletos Biblioteca del Ateneo de Madrid Biblioteca del Ateneo de Madrid Depósito folletos 17/01/2008     1853-F-7 1099823 23/02/2023 23/02/2023 Folleto